Les "Apollons Archaïgues" (Record no. 55382)

MARC details
000 -LEADER
campo de control de longitud fija 00552nam a2200157 i 4500
001 - NÚMERO DE CONTROL
campo de control 55382
003 - IDENTIFICADOR DE NÚMERO DE CONTROL
campo de control ES-MaACL
007 - CAMPO FIJO DE DESCRIPCIÓN FÍSICA--INFORMACIÓN GENERAL
campo de control de longitud fija t|
008 - DATOS DE LONGITUD FIJA--INFORMACIÓN GENERAL
campo de control de longitud fija 030918s1909 sz ||||1| fre d
100 1# - ENTRADA PRINCIPAL--NOMBRE DE PERSONA
Nombre de persona Deonna, Waldemar.
9 (RLIN) 43747
245 14 - MENCIÓN DEL TÍTULO
Título Les "Apollons Archaïgues"
Resto del título : etude sur le type masculin de la hatuaire grecque au VIme siècle avant notre ere /
Mención de responsabilidad, etc. Waldemar Deonna ; preface de M. Henri Lechat.
260 ## - PUBLICACIÓN, DISTRIBUCIÓN, ETC.
Lugar de publicación, distribución, etc. Geneve :
Nombre del editor, distribuidor, etc. Georg & Ce.,
Fecha de publicación, distribución, etc. 1909.
300 ## - DESCRIPCIÓN FÍSICA
Extensión XII, 407 p., 9 lám. ;
Dimensiones 32 cm.
700 1# - ENTRADA AGREGADA--NOMBRE PERSONAL
Nombre de persona Lechat, M. Henri.
9 (RLIN) 71069
852 ## - LOCALIZACIÓN
Ubicación ES-MaACL
Número de control de estantería G-6921
Holdings
Estatus retirado Estado de pérdida Estado de daño No para préstamo Biblioteca de origen Biblioteca actual Ubicación en estantería Fecha de adquisición Fuente de adquisición Total de préstamos Signatura topográfica completa Código de barras Visto por última vez Precio de reemplazo Tipo de ítem Koha
        Biblioteca del Ateneo de Madrid Biblioteca del Ateneo de Madrid Depósito 2 17/01/2008     G-6921 1058188 23/02/2023 23/02/2023 Libro impreso